Catálogo

La gestión de la ética pública. (Registro nro. 32126)

Detalles MARC
000 -LEADER
fixed length control field 00658nam a2200217 a 4500
001 - CONTROL NUMBER
control field 32126
005 - DATE AND TIME OF LATEST TRANSACTION
control field 20180713235650.0
008 - FIXED-LENGTH DATA ELEMENTS--GENERAL INFORMATION
fixed length control field 140415s2009 mx 000 0 spa d
020 ## - INTERNATIONAL STANDARD BOOK NUMBER
International Standard Book Number 9707270896
041 ## - LANGUAGE CODE
Language code of text/sound track or separate title spa
082 ## - DEWEY DECIMAL CLASSIFICATION NUMBER
Classification number 320.1
Item number SEN
100 ## - MAIN ENTRY--PERSONAL NAME
Personal name Senado de la República
Relator term autor
245 03 - TITLE STATEMENT
Title La gestión de la ética pública.
250 ## - EDITION STATEMENT
Edition statement Primera edición
260 ## - PUBLICATION, DISTRIBUTION, ETC.
Place of publication, distribution, etc. México :
Name of publisher, distributor, etc. Senado de la República,
Date of publication, distribution, etc. 2009.
300 ## - PHYSICAL DESCRIPTION
Extent 37 Páginas ;
Dimensions 23 cm.
336 ## - CONTENT TYPE
Content type term texto
Source rdacontent
337 ## - MEDIA TYPE
Media type term sin mediación
Source rdamedia
338 ## - CARRIER TYPE
Carrier type term volumen
Source rdacarrier
490 ## - SERIES STATEMENT
Series statement Serie cuardernos de ética para servidores públicos
Existencias
Withdrawn status Lost status Source of classification or shelving scheme Damaged status Not for loan Collection code Home library Current library Shelving location Date acquired Source of acquisition Total Checkouts Full call number Barcode Price effective from Koha item type
    Dewey Decimal Classification     General Tehuacán Tehuacán Sala general 03/12/2013 Compra   170 SEN 2009 506984 03/05/2016 Libro